00441 2200181 4500245004300000020002200043250001100065100001900076700001700095650001900112650000800131005001900139260004100158041001400199084001000213300002700223336000900250 aASI untuk AnakkucNurul ChomariahText a978-623-00-1731-5 aCet. 1 aNurul Chomaria aJulia Suzana aIlmu Parenting aASI a20241022071809 aJakartabElex Media Komputindoc2020 aIndonesia a649.1 axiv, 169 hlm. :cilus. atext